书目信息 |
| 题名: |
中国林业生态环境评价区划与建设
|
|
| 作者: | 张佩昌 主编 | |
| 分册: | ||
| 出版信息: | 北京 中国经济出版社 |
|
| 页数: | 450页 | |
| 开本: | 32开 | |
| 丛书名: | ||
| 单 册: | ||
| 中图分类: | X826 | |
| 科图分类: | ||
| 主题词: | 环境质量--分析(化学) , 环境质量--评价 | |
| 电子资源: | ||
| ISBN: | 7-5017-3654-5 | |
| 000 | 00640nam0 2200205 45 | |
| 001 | 0006131122 | |
| 005 | 20000613115829.4 | |
| 010 | @a7-5017-3654-5@d24.80元 | |
| 100 | @a20000613d km y0chiy0120 ea | |
| 101 | 0 | @achi |
| 105 | @a z 000yy | |
| 200 | 1 | @a中国林业生态环境评价区划与建设@AZhong Guo Lin Ye Sheng Tai Huan Jing Ping Jia Qu Hua Yu Jian She@f张佩昌主编@FZhang Pei Chang Zhu Bian |
| 210 | @a北京@c中国经济出版社 | |
| 215 | @a450页@d32开 | |
| 606 | 0 | @a环境质量@x分析(化学) |
| 606 | 0 | @a环境质量@x评价 |
| 690 | @aX826@v3 | |
| 701 | 0 | @a张佩昌@4主编 |
| 801 | @aCN@bPftUser@c20000613 | |
| 905 | @b204535-537@dX826@eZH119@f3 | |
| 中国林业生态环境评价区划与建设/张佩昌主编.-北京:中国经济出版社 |
| 450页;32开 |
| ISBN 7-5017-3654-5:24.80元 |
| ● |
| 相关链接 |
|
|
|
正题名:中国林业生态环境评价区划与建设
索取号:X826/ZH119
 
预约/预借
| 序号 | 登录号 | 条形码 | 馆藏地/架位号 | 状态 | 备注 |
| 1 | 204535 | 202045358 | 自科二线504/501自科库 114排1列5层/ [索取号:X826/ZH119] | 在馆 | |
| 2 | 204536 | 202045367 | 自科库501/501自科库 114排1列5层/ [索取号:X826/ZH119] | 在馆 | |
| 3 | 204537 | 202045376 | 自科二线504/501自科库 114排1列5层/ [索取号:X826/ZH119] | 在馆 |